| 000 | 00898nam a2200241 i 4500 | ||
|---|---|---|---|
| 001 | 34538 | ||
| 003 | ES-MaACL | ||
| 005 | 20230906154941.0 | ||
| 007 | t| | ||
| 008 | 030207s1977 fr ||||1| fre d | ||
| 100 | 1 |
_aBloomfield, Harold H. _929563 |
|
| 245 | 1 | 0 |
_aTM _b: descubrimiento de la energía interna y superación del stress / _cHarold H. Bloomfield, Michael Peter Cain, Denis T. Jaffe ; prólogo de Hans Selye ; introducción de R. Buckminster Fuller ; [traducido por Isabel Ugarte]. |
| 250 | _a3ª ed. | ||
| 260 |
_aBarcelona, etc. : _bGrijalbo, _c[1977] |
||
| 300 |
_a370 p. : _bil. ; _c20 cm. |
||
| 700 | 1 |
_aCain, Michael Peter. _933473 |
|
| 700 | 1 |
_aJaffe, Dennis T. _965910 |
|
| 700 | 1 |
_aSelye, Hans. _9105364 |
|
| 700 | 1 |
_aFuller, R. Buckminster. _953007 |
|
| 700 | 1 |
_aUgarte, Isabel. _9111889 |
|
| 740 | 0 | _aMeditación trancendental. | |
| 852 |
_aES-MaACL _jA-10222 _bR.99610 |
||
| 999 |
_c34538 _d34538 |
||